000
00306nam a2200109Ia 4500
008
200302s9999 xx 000 0 und d
100
_a
Peter Phillips & Other
245
_a
Repeat Patterns a Manual for Designers Artists and Architects
260
_b
Thames and Hudson Ltd.
260
_c
1993
300
_a
192 P.,
999
_c
883
_d
883